000 00445 a2200157 4500
999 _c7737
_d7737
020 _a9780826453792
050 _aHF 5681 MIL 1992
100 _aMillichamp, A.H
_eauthor
245 _aFinance for non-financial managers /
_cA.H. Millichamp
250 _aThird edition
264 _aLondon:
_bThomson,
_c1992.
300 _a464p. :
500 _aIncludes index
650 _aBusiness enterprises
_xFinance
942 _2lcc
_cBK
_e3rd
_h5681
_iMIL
_k1992